000 00538nam a2200193Ia 4500
005 20250508152257.0
008 008 250505s9999 xx 000 0 eng d
037 _aBooks to be hide in OPAC
040 _aFEDL
_beng
_cFEDL
041 _aeng
_2eng
084 _a770.954, SOU/O
_qFEDL
100 _aKeusen Hans
_9761132
245 0 _aSouth Asia
260 _aLondon, UK
_bThames and Hudson
_c1957
300 _a127p.
700 _a Edwardes Michael
_9761133
942 _cHB
_h770.954, SOU/O
999 _c1335456
_d1335456